• 首页
  • 本馆介绍
  • 公告通知
  • 最新文献
  • 馆藏检索
  • 电子资源
  • 读者导购
  • 参考咨询
  • 我的图书馆
  • 登录
  • 详细信息显示
  • 放入我的书架
  • 预约/预借图书
  • 作者相关作品
  • 分类相关作品
  • 丛书相关作品
  • 出版社相关作品

书目信息

  • 表格格式
  • 工作单格式
  • 卡片格式
题名:
高超声速流动中的激波及相互作用
    
 
作者: 杨基明 编著
分册:  
出版信息: 北京   国防工业出版社  2019.06
页数: 13, 381, 38页
开本: 24cm
丛书名: 高超声速科学与技术丛书
单 册:
中图分类: O354.4
科图分类:
主题词: 高超音速流动--gao chao yin su liu dong--激波--研究
电子资源:
ISBN: 978-7-118-11926-8
000 01337nam 2200277 450
001 0109110143
005 20201109110337.0
010    @a978-7-118-11926-8@dCNY161.00
100    @a20191203d2019 em y0chiy50 ea
101 0  @achi
102    @aCN@b110000
105    @aa z 000yy
106    @ar
200 1  @a高超声速流动中的激波及相互作用@Agao chao sheng su liu dong zhong de ji bo ji xiang hu zuo yong@f杨基明[等]编著
210    @a北京@c国防工业出版社@d2019.06
215    @a13, 381, 38页@c图@d24cm
225 2  @a高超声速科学与技术丛书@Agao chao sheng su ke xue yu ji shu cong shu
300    @a“十三五”国家重点出版物出版规划项目国家出版基金项目
304    @a编著者还有:李祝飞、朱雨建、张恩来、王军
330    @a本书共分九章,第一章到第四章作为基础部分,主要介绍激波的基本理论、典型的相互作用类型和分析方法;第五、第六章围绕高超声速具有共性特征的激波干扰和激波/边界层干扰展开讨论;第七、第八章主要针对激波干扰理论和方法在吸气式高超声速飞行器研究中的应用给出示例性介绍;第九章主要针对非定常波系干扰在脉冲型高超声速实验设备原理和新设备创新发展中的应用进行了几个有代表性案例的展示。
461  0 @12001 @a高超声速科学与技术丛书
606 0  @a高超音速流动@Agao chao yin su liu dong@x激波@x研究
690    @aO354.4@v5
701  0 @a杨基明@Ayang ji ming@4编著
801  0 @aCN@bBJSZM@c20201103
905    @b1213725-6@dO354.4@e22@f2
    
    高超声速流动中的激波及相互作用/杨基明[等]编著.-北京:国防工业出版社,2019.06
    13, 381, 38页:图;24cm.-(高超声速科学与技术丛书)
    “十三五”国家重点出版物出版规划项目国家出版基金项目
    
    ISBN 978-7-118-11926-8:CNY161.00
    本书共分九章,第一章到第四章作为基础部分,主要介绍激波的基本理论、典型的相互作用类型和分析方法;第五、第六章围绕高超声速具有共性特征的激波干扰和激波/边界层干扰展开讨论;第七、第八章主要针对激波干扰理论和方法在吸气式高超声速飞行器研究中的应用给出示例性介绍;第九章主要针对非定常波系干扰在脉冲型高超声速实验设备原理和新设备创新发展中的应用进行了几个有代表性案例的展示。
●
相关链接 在E读中查询图书 在五车中查询图书 在当当中查询图书 在豆瓣中查询图书


正题名:高超声速流动中的激波及相互作用     索取号:O354.4/22         预约/预借

序号 登录号 条形码 馆藏地/架位号 状态 备注
1 1213725   212137258   第二样本阅览室/ [索取号:O354.4/22] 在馆    
2 1213726   212137267   第三借阅区/ [索取号:O354.4/22] 在馆    
唐山师范学院图书馆 欢迎您!
大连网信软件有限公司© 版权所有